[Event "NOR-chT Elite 2324"]
[Site "Norway"]
[Date "2024.02.03"]
[Round "5.23"]
[White "Kulaots, Kaido"]
[Black "Tisdall, Jonathan D"]
[Result "1-0"]
[WhiteElo "2525"]
[BlackElo "2375"]
[PlyCount "59"]
[EventDate "2023.10.27"]
[EventType "team-tourn"]
[EventRounds "9"]
[EventCountry "NOR"]
[SourceTitle "CB16_2024"]
[SourceDate "2024.04.17"]
[SourceVersion "1"]
[SourceVersionDate "2024.04.17"]
[SourceQuality "1"]
[WhiteTeam "Valerenga"]
[BlackTeam "Asker"]
[WhiteTeamCountry "NOR"]
[BlackTeamCountry "NOR"]

1. e4 c5 2. Nf3 d6 3. d4 cxd4 4. Nxd4 Nf6 5. Nc3 g6 6. Be3 Nc6 7. f3 h5 8. Bc4 Bd7 9. Bb3 Na5 10. Qd2 Bg7 11. 0-0-0 a6 12. Rhe1 Rc8 13. Kb1 b5 14. Bg5 0-0 15. h3 Nc4 16. Qd3 Rc5 17. f4 Qa8 18. f5 Kh7 19. g4 Rfc8 20. Bc1 Ne5 21. Qe2 Rxc3 22. bxc3 Rxc3 23. gxh5 gxf5 24. Nxf5 Bxf5 25. exf5 Rxh3 26. h6 Bxh6 27. Bxh6 Kxh6 28. Bxf7 Qf3 29. Qd2+ Kg7 30. Rxe5 1-0

[Event "NOR-chT Elite 2223"]
[Site "Norway"]
[Date "2023.03.05"]
[Round "9.31"]
[White "Roulet Dubonnet, Emerik Vapenstad"]
[Black "Tisdall, Jonathan D"]
[Result "1-0"]
[WhiteElo "2309"]
[BlackElo "2402"]
[PlyCount "103"]
[EventDate "2022.11.11"]
[EventType "team-tourn"]
[EventRounds "9"]
[EventCountry "NOR"]
[SourceTitle "CBM 213 Extra"]
[Source "ChessBase"]
[SourceDate "2023.05.31"]
[SourceVersion "1"]
[SourceVersionDate "2023.05.31"]
[SourceQuality "1"]
[WhiteTeam "Hell"]
[BlackTeam "Asker"]
[WhiteTeamCountry "NOR"]
[BlackTeamCountry "NOR"]

1. d4 e6 2. c4 f5 3. Nf3 Nf6 4. g3 d5 5. Bg2 Bd6 6. 0-0 c6 7. b3 Qe7 8. Bb2 0-0 9. Qc1 b6 10. Ba3 Bb7 11. Bxd6 Qxd6 12. Qf4 Qxf4 13. gxf4 Nbd7 14. Nc3 h6 15. cxd5 exd5 16. Rfd1 Rae8 17. e3 Ne4 18. Rac1 Nxc3 19. Rxc3 Re6 20. Rdc1 Kh7 21. b4 a6 22. h3 Ra8 23. Ra3 b5 24. Bf1 Nb6 25. Ne5 Nc4 26. Bxc4 dxc4 27. h4 Rd8 28. Rac3 Rdd6 29. Kf1 Bc8 30. Nxc6 Rxc6 31. d5 Rcd6 32. dxe6 Bxe6 33. Ke1 Bf7 34. Rd1 Rg6 35. Rd7 Rg1+ 36. Kd2 Bh5 37. Rc1 Rg2 38. Rf1 Rg6 39. Kc3 Bf3 40. Kd4 Bc6 41. Rd8 Bf3 42. Ke5 Be2 43. Re1 Bd3 44. Rd6 Be4 45. Rxg6 Kxg6 46. Rg1+ Kh5 47. f3 Bxf3 48. Kxf5 g6+ 49. Ke5 c3 50. Rc1 Kxh4 51. Rxc3 h5 52. e4 1-0

[Event "NOR-chT Elite 2223"]
[Site "Norway"]
[Date "2022.11.12"]
[Round "2.44"]
[White "Tisdall, Jonathan D"]
[Black "Gabrielsen, Stig"]
[Result "1/2-1/2"]
[WhiteElo "2406"]
[BlackElo "2266"]
[PlyCount "105"]
[EventDate "2022.11.11"]
[EventType "team-tourn"]
[EventRounds "9"]
[EventCountry "NOR"]
[SourceTitle "CBM 211 Extra"]
[Source "ChessBase"]
[SourceDate "2023.01.31"]
[SourceVersion "1"]
[SourceVersionDate "2023.01.31"]
[SourceQuality "1"]
[WhiteTeam "Asker"]
[BlackTeam "Bergens"]
[WhiteTeamCountry "NOR"]
[BlackTeamCountry "NOR"]

1. Nf3 d6 2. d4 g6 3. c4 Bg7 4. Nc3 Nf6 5. e4 0-0 6. Be2 Nbd7 7. 0-0 e5 8. Be3 h6 9. d5 Ng4 10. Bd2 f5 11. g3 Ngf6 12. Nh4 Nxe4 13. Nxe4 fxe4 14. Nxg6 Rf6 15. Nh4 Nc5 16. b4 Nd3 17. Qc2 Bh3 18. Ng2 Qf8 19. Bxd3 exd3 20. Qxd3 Rf3 21. Qe4 Ra3 22. Bc1 Bf5 23. Qe2 Bd3 24. Qg4 Rc3 25. Rd1 Bf5 26. Qe2 a5 27. bxa5 Rc2 28. Rd2 Rxd2 29. Bxd2 Qf7 30. Nh4 Bh7 31. Rf1 c6 32. f4 cxd5 33. fxe5 Qe6 34. cxd5 Qxd5 35. Nf5 Bxf5 36. Rxf5 Re8 37. Bf4 dxe5 38. Be3 Qxa5 39. Rh5 Qa6 40. Qxa6 bxa6 41. Bxh6 Bf6 42. Rf5 Re6 43. Be3 Kg7 44. Kg2 Kg6 45. g4 Rc6 46. Rf2 Rc4 47. h3 e4 48. Re2 Bh4 49. Bf2 Kg5 50. Rd2 Bxf2 51. Kxf2 Kf4 52. Ke2 Rc3 53. Rd6 1/2-1/2

[Event "NOR-chT Elite 2223"]
[Site "Norway"]
[Date "2022.11.11"]
[Round "1.34"]
[White "Machlik, Edit"]
[Black "Tisdall, Jonathan D"]
[Result "0-1"]
[WhiteElo "2087"]
[BlackElo "2406"]
[PlyCount "102"]
[EventDate "2022.11.11"]
[EventType "team-tourn"]
[EventRounds "9"]
[EventCountry "NOR"]
[SourceTitle "CBM 211 Extra"]
[Source "ChessBase"]
[SourceDate "2023.01.31"]
[SourceVersion "1"]
[SourceVersionDate "2023.01.31"]
[SourceQuality "1"]
[WhiteTeam "Tromsoe"]
[BlackTeam "Asker"]
[WhiteTeamCountry "NOR"]
[BlackTeamCountry "NOR"]

1. d4 f5 2. c4 Nf6 3. Nf3 e6 4. Nc3 Bb4 5. g3 0-0 6. Bg2 d6 7. Qb3 Nc6 8. 0-0 Bxc3 9. Qxc3 Ne4 10. Qc2 a5 11. e3 Qe8 12. Nd2 d5 13. Nxe4 fxe4 14. f3 Nb4 15. Qe2 Qh5 16. Qd1 Bd7 17. Bd2 Nd3 18. b3 Bc6 19. fxe4 Rxf1+ 20. Bxf1 Qxd1 21. Rxd1 dxe4 22. Bc3 a4 23. Bxd3 exd3 24. Rxd3 Be4 25. Rd2 axb3 26. axb3 Ra3 27. Rb2 Ra1+ 28. Kf2 g5 29. Be1 g4 30. b4 Kf7 31. b5 Ke7 32. c5 Kd7 33. Kf1 Ke7 34. Kf2 Kf6 35. Bc3 Kf5 36. Be1 Bd3 37. d5 exd5 38. Bc3 Rh1 39. b6 c6 40. e4+ Kxe4 41. Kg2 Rc1 42. Bb4 Kd4 43. Ra2 Kc4 44. Rb2 d4 45. Ba3 Be4+ 46. Kf2 Rh1 47. Rb4+ Kxc5 48. h4 gxh3 49. g4 Ra1 50. Ra4+ Rxa3 51. Rxa3 h2 0-1

[Event "NOR-chT Clubs"]
[Site "Drammen"]
[Date "2022.05.26"]
[Round "4"]
[White "Hauge, Lars Oskar"]
[Black "Tisdall, Jonathan D"]
[Result "1-0"]
[WhiteElo "2528"]
[BlackElo "2402"]
[PlyCount "183"]
[EventDate "2022.05.26"]
[EventType "team-swiss"]
[EventRounds "6"]
[EventCountry "NOR"]
[SourceTitle "EXT 2024"]
[Source "ChessBase"]
[SourceDate "2023.10.10"]
[SourceVersion "1"]
[SourceVersionDate "2023.10.10"]
[SourceQuality "1"]
[WhiteTeam "Oslo SS"]
[BlackTeam "Asker Elite"]
[WhiteTeamCountry "NOR"]
[BlackTeamCountry "NOR"]

1. e4 c5 2. Nf3 e6 3. d3 d5 4. Qe2 Nf6 5. g3 Nc6 6. Bg2 Be7 7. 0-0 0-0 8. e5 Nd7 9. c4 d4 10. h4 Qc7 11. Bf4 b6 12. Nbd2 Bb7 13. Rfe1 Rae8 14. h5 h6 15. Nf1 Kh8 16. Qd2 Kh7 17. N1h2 Rg8 18. g4 Bf8 19. Bg3 g5 20. hxg6+ fxg6 21. g5 h5 22. Qf4 Ne7 23. Nd2 Bxg2 24. Kxg2 Nf5 25. Ne4 Rg7 26. Qd2 Rb8 27. Nf3 Rf7 28. Nf6+ Kg7 29. b3 Be7 30. Re4 Qc6 31. Rh1 Rh8 32. Kg1 a5 33. Nh4 Nf8 34. Ng2 Nh7 35. Bf4 Bd8 36. Qd1 Nf8 37. Bc1 Ra7 38. Nf4 Kf7 39. a4 Bxf6 40. gxf6 Ra8 41. Kf1 Nd7 42. Rg1 Rag8 43. Nh3 Kf8 44. Ng5 Nh6 45. Nf3 Nf5 46. Bf4 Ke8 47. Ke2 Kd8 48. Ng5 Nh6 49. Qf1 Kc8 50. Kd2 Kb8 51. Qh3 Nf5 52. Re2 Ka7 53. Kc2 Ka6 54. Qh2 Nh6 55. Bd2 Nf5 56. Qf4 Kb7 57. Kb2 Nf8 58. Nf7 Kc7 59. Nxh8 Rxh8 60. Qe4 Rh7 61. f3 Qxe4 62. dxe4 Nh6 63. Reg2 h4 64. f4 Kd7 65. Rh2 Nf7 66. Rh3 g5 67. fxg5 Ng6 68. Rf1 Nfxe5 69. Rg1 Nf7 70. Kc2 Rh5 71. Kd1 e5 72. Rg4 Ke6 73. Ke2 Rh8 74. Kf3 Rh5 75. Rg1 Rh8 76. Rh2 Rh5 77. Kg4 Rh8 78. Rgh1 Nd6 79. Re2 d3 80. Ree1 Nf7 81. Rh3 Rd8 82. Kf3 Rd4 83. Rg1 Nd6 84. Rg4 b5 85. cxb5 c4 86. bxc4 Nxc4 87. Rh2 Nxd2+ 88. Rxd2 Rxa4 89. Rxd3 Rb4 90. Rg1 Rxb5 91. Rc1 Rb6 92. Kg4 1-0

[Event "NOR-chT Elite 2122"]
[Site "Norway"]
[Date "2021.10.29"]
[Round "1.1"]
[White "Abdrlauf, Elham"]
[Black "Tisdall, Jonathan D"]
[Result "1/2-1/2"]
[WhiteElo "2334"]
[BlackElo "2417"]
[PlyCount "100"]
[EventDate "2021.10.28"]
[EventType "team-tourn"]
[EventRounds "9"]
[EventCountry "NOR"]
[SourceTitle "CBM 204 Extra"]
[Source "ChessBase"]
[SourceDate "2021.11.30"]
[SourceVersion "1"]
[SourceVersionDate "2021.11.30"]
[SourceQuality "1"]
[WhiteTeam "Alta"]
[BlackTeam "Asker"]
[WhiteTeamCountry "NOR"]
[BlackTeamCountry "NOR"]

1. e4 c5 2. Ne2 Nc6 3. d4 cxd4 4. Nxd4 e5 5. Ne2 Nf6 6. Nbc3 Bc5 7. Ng3 d6 8. Na4 Bg4 9. f3 Be6 10. Nxc5 Qa5+ 11. c3 Qxc5 12. Bg5 h5 13. Qd2 h4 14. b4 Qb6 15. Nf5 Bxf5 16. Be3 Qc7 17. exf5 d5 18. Bb5 Qd7 19. 0-0 Qxf5 20. Bc5 a6 21. Ba4 h3 22. g4 Qe6 23. Rad1 0-0-0 24. Bf2 e4 25. Bg3 e3 26. Qe2 Rhe8 27. Rd3 g5 28. Bc2 b6 29. Re1 Kb7 30. Rxe3 Qxe3+ 31. Qxe3 Rxe3 32. Rxe3 d4 33. cxd4 Rxd4 34. Bb3 Rxb4 35. Bxf7 Rb2 36. Bb3 Nd4 37. Be5 Rg2+ 38. Kf1 Nxb3 39. axb3 Nd7 40. Bg3 Rb2 41. f4 gxf4 42. Bxf4 Rg2 43. Bg3 Nf6 44. g5 Nh5 45. g6 Kc6 46. Re6+ Kd7 47. Rxb6 Nxg3+ 48. hxg3 Rxg3 49. g7 h2 50. Rh6 Rxg7 1/2-1/2

[Event "NOR-chT 1819"]
[Site "Norway"]
[Date "2018.11.02"]
[Round "1.3"]
[White "Tisdall, Jonathan D"]
[Black "Predojevic, Borki"]
[Result "1/2-1/2"]
[WhiteElo "2400"]
[BlackElo "2626"]
[PlyCount "50"]
[EventDate "2018.11.02"]
[EventType "team-tourn"]
[EventRounds "9"]
[EventCountry "NOR"]
[SourceTitle "CBM 188 Extra"]
[Source "ChessBase"]
[SourceDate "2019.02.26"]
[SourceVersion "1"]
[SourceVersionDate "2019.02.26"]
[SourceQuality "1"]
[WhiteTeam "Asker"]
[BlackTeam "Valerenga"]
[WhiteTeamCountry "NOR"]
[BlackTeamCountry "NOR"]

1. Nf3 Nf6 2. c4 b6 3. g3 Bb7 4. Bg2 g6 5. d4 Bg7 6. 0-0 0-0 7. Nc3 Ne4 8. Nxe4 Bxe4 9. Bg5 c5 10. Qd2 cxd4 11. Nxd4 Bxg2 12. Kxg2 Re8 13. Rad1 Qc8 14. b3 Qb7+ 15. f3 d5 16. cxd5 Qxd5 17. Qe3 Nc6 18. Nxc6 Qxc6 19. Rc1 Qb7 20. Rfd1 Rac8 21. Rxc8 Qxc8 22. Qd2 Qe6 23. Qe3 Qc8 24. Qd2 Qe6 25. Qe3 Qc8 1/2-1/2

[Event "NOR-chT Club"]
[Site "Bergen"]
[Date "2018.05.12"]
[Round "4.3"]
[White "Hauge, Lars Oskar"]
[Black "Tisdall, Jonathan D"]
[Result "1-0"]
[WhiteElo "2433"]
[BlackElo "2402"]
[PlyCount "67"]
[EventDate "2018.05.10"]
[EventType "team-swiss"]
[EventRounds "6"]
[EventCountry "NOR"]
[SourceTitle "EXT 2019"]
[Source "ChessBase"]
[SourceDate "2018.10.10"]
[SourceVersion "1"]
[SourceVersionDate "2018.10.10"]
[SourceQuality "1"]
[WhiteTeam "OSS"]
[BlackTeam "Asker"]
[WhiteTeamCountry "NOR"]
[BlackTeamCountry "NOR"]

1. e4 c5 2. Nf3 e6 3. Nc3 a6 4. d4 cxd4 5. Nxd4 Qc7 6. g3 Nf6 7. Bg2 d6 8. 0-0 Be7 9. g4 h6 10. f4 Nc6 11. Nb3 Nd7 12. Be3 g5 13. f5 Nce5 14. a4 Nf6 15. h3 Nc4 16. Bd4 e5 17. Bf2 Nxb2 18. Qf3 Bd7 19. Rfb1 Rc8 20. Be1 Nc4 21. a5 Kf8 22. Nc1 Qc5+ 23. Bf2 Nd2 24. Bxc5 Nxf3+ 25. Bxf3 Rxc5 26. Ra3 Rc7 27. Nd3 d5 28. Rab3 d4 29. Nd5 Nxd5 30. exd5 Bb5 31. Rxb5 axb5 32. Rxb5 Bd6 33. f6 Rxc2 34. Rxb7 1-0

[Event "NOR-chT 1718"]
[Site "Norway"]
[Date "2018.03.02"]
[Round "7.3"]
[White "Tryggestad, Andreas Garberg"]
[Black "Tisdall, Jonathan D"]
[Result "1/2-1/2"]
[WhiteElo "2264"]
[BlackElo "2408"]
[PlyCount "100"]
[EventDate "2017.11.03"]
[EventType "team-tourn"]
[EventRounds "9"]
[EventCountry "NOR"]
[SourceTitle "EXT 2019"]
[Source "ChessBase"]
[SourceDate "2018.10.10"]
[SourceVersion "1"]
[SourceVersionDate "2018.10.10"]
[SourceQuality "1"]
[WhiteTeam "Nordstrand"]
[BlackTeam "Asker"]
[WhiteTeamCountry "NOR"]
[BlackTeamCountry "NOR"]

1. e4 c5 2. c3 Nf6 3. e5 Nd5 4. d4 cxd4 5. Nf3 e6 6. cxd4 d6 7. Bc4 Nb6 8. Bb5+ Bd7 9. Qe2 Bxb5 10. Qxb5+ Nc6 11. Nc3 Be7 12. 0-0 0-0 13. Be3 d5 14. Qe2 Qd7 15. Rac1 a6 16. h4 Rfc8 17. h5 h6 18. Nd2 Nc4 19. Nxc4 dxc4 20. Rcd1 Nb4 21. Qg4 Kh8 22. d5 Nd3 23. d6 Bd8 24. Rxd3 cxd3 25. Rd1 f6 26. Rxd3 fxe5 27. Ne4 Qf7 28. d7 Rc7 29. Bc5 Rxd7 30. Rf3 Bf6 31. Be3 Rd3 32. Nc5 Rd5 33. Nxe6 e4 34. Rh3 Qd7 35. Rg3 Re8 36. Nc5 Qxg4 37. Rxg4 Bxb2 38. Nxb7 Ree5 39. g3 Ba3 40. Rg6 Rd1+ 41. Kg2 Bc1 42. Nd6 Rxh5 43. Ba7 Rdh1 44. Nxe4 Re1 45. Nc5 Re7 46. Bb6 Rhe5 47. a4 Ba3 48. Nxa6 R7e6 49. Rxe6 Rxe6 50. a5 Bd6 1/2-1/2

[Event "NOR-chT 1617"]
[Site "Norway"]
[Date "2017.01.15"]
[Round "6.4"]
[White "Stokke, Kjetil"]
[Black "Tisdall, Jonathan D"]
[Result "0-1"]
[WhiteElo "2357"]
[BlackElo "2408"]
[PlyCount "68"]
[EventDate "2016.10.28"]
[EventType "team-tourn"]
[EventRounds "9"]
[EventCountry "NOR"]
[SourceTitle "EXT 2018"]
[Source "ChessBase"]
[SourceDate "2017.10.13"]
[SourceVersion "1"]
[SourceVersionDate "2017.10.13"]
[SourceQuality "1"]
[WhiteTeam "Bergens"]
[BlackTeam "Asker"]
[WhiteTeamCountry "NOR"]
[BlackTeamCountry "NOR"]

1. Nf3 Nf6 2. c4 c5 3. Nc3 e6 4. g3 b6 5. Bg2 Bb7 6. 0-0 Be7 7. Re1 d5 8. cxd5 exd5 9. d4 0-0 10. Bf4 Na6 11. dxc5 Nxc5 12. Be5 Qd7 13. Qc2 Rac8 14. Rad1 Qe6 15. Qd2 Nce4 16. Qf4 Nh5 17. Qe3 f6 18. Bd4 f5 19. Bh3 Rcd8 20. Ne5 Ng5 21. Bg2 f4 22. gxf4 Nxf4 23. Qg3 Ngh3+ 24. Bxh3 Nxh3+ 25. Kg2 Rf5 26. Nf3 Nf4+ 27. Kh1 Qh6 28. Rg1 g6 29. Rc1 Rdf8 30. Rc2 Rh5 31. Nd1 Bc8 32. Rc7 Nxe2 33. Rxe7 Nxg3+ 34. Rxg3 Rxf3 0-1

[Event "NOR-chT 1516"]
[Site "Norway"]
[Date "2016.03.04"]
[Round "7.1"]
[White "Tisdall, Jonathan D"]
[Black "Stanford, Maxim Barth"]
[Result "1/2-1/2"]
[WhiteElo "2423"]
[BlackElo "2372"]
[PlyCount "99"]
[EventDate "2015.10.30"]
[EventType "team-tourn"]
[EventRounds "9"]
[EventCountry "NOR"]
[SourceTitle "EXT 2017"]
[Source "ChessBase"]
[SourceDate "2016.10.25"]
[SourceVersion "1"]
[SourceVersionDate "2016.10.25"]
[SourceQuality "1"]
[WhiteTeam "Asker"]
[BlackTeam "Black Knights"]
[WhiteTeamCountry "NOR"]
[BlackTeamCountry "NOR"]

1. Nf3 Nf6 2. c4 e6 3. g3 d5 4. b3 Be7 5. Bg2 0-0 6. 0-0 c5 7. Bb2 Nc6 8. cxd5 Nxd5 9. Na3 b6 10. d4 Ba6 11. Nc4 cxd4 12. Nxd4 Nxd4 13. Qxd4 Bf6 14. Qd2 Bxb2 15. Qxb2 Rc8 16. Rac1 Bxc4 17. bxc4 Nf6 18. Qa3 Qc7 19. Rfd1 Nd7 20. Rd6 Qc5 21. Qxc5 Nxc5 22. Rcd1 g6 23. f4 Rc7 24. Kf2 Rfc8 25. Ke3 Kf8 26. Rd8+ Ke7 27. Rxc8 Rxc8 28. Rd4 h5 29. Kd2 Nd7 30. Kc3 Rc5 31. Kb4 Nf6 32. Bf3 e5 33. Rd2 a5+ 34. Kb3 exf4 35. gxf4 Rf5 36. Rd4 Nd7 37. Kc3 Nc5 38. e3 Rf6 39. Bd5 Rd6 40. e4 Rd7 41. e5 Rc7 42. Kd2 Ne6 43. Bxe6 fxe6 44. Kd3 Rd7 45. Rxd7+ Kxd7 46. Kd4 Kc6 47. a4 Kc7 48. c5 Kc6 49. cxb6 Kxb6 50. Kc4 1/2-1/2

[Event "NOR-chT 1415"]
[Site "Norway"]
[Date "2015.01.09"]
[Round "4.1"]
[White "Tisdall, Jonathan D"]
[Black "Gabrielsen, Stig"]
[Result "1-0"]
[WhiteElo "2415"]
[BlackElo "2356"]
[PlyCount "97"]
[EventDate "2014.10.31"]
[EventType "team-tourn"]
[EventRounds "11"]
[EventCountry "NOR"]
[SourceTitle "EXT 2016"]
[Source "ChessBase"]
[SourceDate "2015.10.08"]
[SourceVersion "1"]
[SourceVersionDate "2015.10.08"]
[SourceQuality "1"]
[WhiteTeam "Asker"]
[BlackTeam "Bergens"]
[WhiteTeamCountry "NOR"]
[BlackTeamCountry "NOR"]

1. Nf3 Nf6 2. c4 c5 3. Nc3 Nc6 4. e3 g6 5. d4 Bg7 6. d5 Na5 7. e4 d6 8. h3 0-0 9. Bd3 a6 10. 0-0 b5 11. cxb5 axb5 12. Bxb5 Qb6 13. Re1 Nd7 14. Rb1 Ne5 15. Nxe5 Bxe5 16. Bg5 Ra7 17. a4 Rc7 18. Be3 Qb8 19. f4 Bg7 20. Bf2 Rd8 21. Kh1 Bh6 22. Ne2 c4 23. Be3 Bd7 24. Nd4 Rdc8 25. Ba6 Rf8 26. Nb5 Bxb5 27. axb5 Nb3 28. b6 Rc5 29. Bxc5 Nxc5 30. Bxc4 Bxf4 31. b4 Nd7 32. Qg4 Nxb6 33. Qxf4 Nxc4 34. Rec1 Ne5 35. Qg5 f6 36. Qe3 Qb5 37. Rc7 Re8 38. Kh2 g5 39. Rb2 Kf8 40. Rf2 h6 41. Qc3 Kf7 42. Ra2 h5 43. Rc8 Rxc8 44. Qxc8 Qxb4 45. Ra8 Nf3+ 46. Kg3 h4+ 47. Kxf3 Qb3+ 48. Ke2 Qb2+ 49. Kd3 1-0

[Event "NOR-chT 1314"]
[Site "Norway"]
[Date "2014.01.12"]
[Round "6.4"]
[White "Berg, Emanuel"]
[Black "Tisdall, Jonathan D"]
[Result "1-0"]
[WhiteElo "2535"]
[BlackElo "2421"]
[PlyCount "55"]
[EventDate "2013.11.01"]
[EventType "team-tourn"]
[EventRounds "9"]
[EventCountry "NOR"]
[SourceTitle "CBM 159"]
[Source "ChessBase"]
[SourceDate "2014.03.17"]
[SourceVersion "1"]
[SourceVersionDate "2014.03.17"]
[SourceQuality "1"]
[WhiteTeam "OSS"]
[BlackTeam "Asker"]
[WhiteTeamCountry "NOR"]
[BlackTeamCountry "NOR"]

1. e4 e5 2. Nf3 Nc6 3. Bb5 a6 4. Ba4 Nge7 5. c3 g6 6. d4 exd4 7. cxd4 b5 8. Bc2 d5 9. exd5 Nxd5 10. 0-0 Bg7 11. Nc3 Nxc3 12. bxc3 0-0 13. Re1 Bb7 14. Bg5 Qd6 15. Nd2 Rae8 16. Ne4 Qd5 17. Qd2 Na5 18. f3 f5 19. Nc5 b4 20. Rxe8 Rxe8 21. Re1 Bc6 22. Rxe8+ Bxe8 23. cxb4 Qxd4+ 24. Kh1 Bb5 25. Qxd4 Bxd4 26. Ne6 Nc6 27. Bb3 Bc3 28. a4 1-0

[Event "NOR-chT 1213"]
[Site "Norway"]
[Date "2013.04.05"]
[Round "7"]
[White "Thingstad, Even"]
[Black "Tisdall, Jonathan D"]
[Result "1/2-1/2"]
[WhiteElo "2245"]
[BlackElo "2430"]
[PlyCount "75"]
[EventDate "2012.11.02"]
[EventType "team-tourn"]
[EventRounds "9"]
[EventCountry "NOR"]
[SourceTitle "EXT 2014"]
[Source "ChessBase"]
[SourceDate "2013.11.20"]
[SourceVersion "1"]
[SourceVersionDate "2013.11.20"]
[SourceQuality "1"]
[WhiteTeam "Trondheim"]
[BlackTeam "Asker"]
[WhiteTeamCountry "NOR"]
[BlackTeamCountry "NOR"]

1. d4 Nf6 2. c4 e6 3. Nc3 Bb4 4. e3 c5 5. Nge2 b6 6. a3 Ba5 7. Rb1 Na6 8. Bd2 0-0 9. g3 cxd4 10. exd4 Bb7 11. d5 Nc5 12. Bg2 Nd3+ 13. Kf1 Bxc3 14. Bxc3 Nc5 15. Bf3 Rc8 16. Kg2 Nce4 17. Bxf6 Nxf6 18. Rc1 exd5 19. Nf4 Ba6 20. cxd5 Rxc1 21. Qxc1 Bb7 22. Qc4 Qb8 23. h4 Qe5 24. Qb3 h6 25. h5 Nh7 26. Rd1 Ng5 27. Rd2 Rc8 28. Re2 Qf5 29. Qe3 Nxf3 30. Qxf3 Rc5 31. Re8+ Kh7 32. g4 Qg5 33. Qe4+ f5 34. Ng6 Rc8 35. Nf8+ Kg8 36. Ng6+ Kh7 37. Nf8+ Kg8 38. Ng6+ 1/2-1/2

[Event "NOR-chT 1213"]
[Site "Norway"]
[Date "2012.11.02"]
[Round "4"]
[White "Byklum, Bjornar"]
[Black "Tisdall, Jonathan D"]
[Result "0-1"]
[WhiteElo "2296"]
[BlackElo "2430"]
[PlyCount "114"]
[EventDate "2012.11.02"]
[EventType "team-tourn"]
[EventRounds "9"]
[EventCountry "NOR"]
[SourceTitle "EXT 2014"]
[Source "ChessBase"]
[SourceDate "2013.11.20"]
[SourceVersion "1"]
[SourceVersionDate "2013.11.20"]
[SourceQuality "1"]
[WhiteTeam "SOSS"]
[BlackTeam "Asker"]
[WhiteTeamCountry "NOR"]
[BlackTeamCountry "NOR"]

1. d4 Nf6 2. c4 e6 3. Nc3 Bb4 4. e3 c5 5. Bd3 Nc6 6. Nf3 d6 7. Bd2 e5 8. d5 Ne7 9. Nh4 g5 10. Nf3 g4 11. Nh4 Ng6 12. Nxg6 hxg6 13. Qc2 Nh5 14. 0-0-0 f5 15. h3 g3 16. f4 exf4 17. exf4 0-0 18. h4 Bd7 19. Rh3 Kh7 20. Ne2 Qa5 21. a3 Ba4 22. b3 Bxd2+ 23. Qxd2 Qxd2+ 24. Kxd2 Bxb3 25. Rb1 Ba4 26. Rxb7+ Kh6 27. Rh1 a5 28. Rhb1 Rae8 29. Nc3 Nxf4 30. Nxa4 Nxd3 31. Kxd3 Re4 32. Rd7 Rfe8 33. Nc3 Rd4+ 34. Kc2 Rxc4 35. Rbb7 Kh5 36. Rh7+ Kg4 37. Kb3 Rf4 38. Rbg7 Rb8+ 39. Kc2 Rf2+ 40. Kd3 Rxg2 41. Rxg6+ Kh3 42. Rhg7 f4 43. Ne4 Rb3+ 44. Nc3 f3 45. h5 f2 46. Rf6 Rg1 47. h6 Rc1 48. h7 Rcxc3+ 49. Kd2 Rd3+ 50. Kc2 Rdc3+ 51. Kd2 Rf3 52. h8Q+ Kg2 53. Rh6 f1N+ 54. Kd1 Rfd3+ 55. Kc1 Rdc3+ 56. Kd1 Rb1+ 57. Ke2 Re3# 0-1

[Event "NOR-chT Clubs"]
[Site "Fagernes"]
[Date "2012.06.09"]
[Round "4"]
[White "Berg, Emanuel"]
[Black "Tisdall, Jonathan D"]
[Result "1/2-1/2"]
[WhiteElo "2587"]
[BlackElo "2428"]
[PlyCount "120"]
[EventDate "2012.06.08"]
[EventType "team-swiss"]
[EventRounds "6"]
[EventCountry "NOR"]
[SourceTitle "CBM 148 Extra"]
[Source "ChessBase"]
[SourceDate "2012.06.22"]
[SourceVersion "1"]
[SourceVersionDate "2012.06.22"]
[SourceQuality "1"]
[WhiteTeam "OSS"]
[BlackTeam "Asker"]
[WhiteTeamCountry "NOR"]
[BlackTeamCountry "NOR"]

1. e4 e5 2. Nf3 Nc6 3. Bb5 a6 4. Ba4 g6 5. d4 exd4 6. Bg5 Be7 7. Bxe7 Qxe7 8. Bxc6 dxc6 9. Qxd4 Nf6 10. Nc3 Bg4 11. 0-0-0 Bxf3 12. gxf3 0-0 13. f4 Rad8 14. Qe3 Rxd1+ 15. Rxd1 Rd8 16. Rxd8+ Qxd8 17. f5 Qe7 18. Qg5 Qe5 19. h4 Qd4 20. fxg6 hxg6 21. Qd2 c5 22. f3 Qg1+ 23. Nd1 Qg3 24. Qf2 Qf4+ 25. Qe3 Qxh4 26. Qxc5 Qg3 27. Qf2 Qe5 28. Qe3 Nh5 29. Nf2 Kg7 30. Nd3 Qg3 31. b3 b6 32. a4 a5 33. Kb2 Qg2 34. Qd4+ Kg8 35. Ne5 Qg5 36. Nd3 Nf4 37. Nxf4 Qxf4 38. Qd8+ Kg7 39. Qd4+ Kg8 40. Qd3 Qe5+ 41. Kb1 Kg7 42. Qe3 g5 43. Qd3 Qf4 44. Qc3+ Kg6 45. Ka2 f6 46. Qd3 Qe5 47. Qd7 Qf4 48. Qe8+ Kg7 49. Qd7+ Kg6 50. Qd3 Qe5 51. Kb1 Kh6 52. Qd1 Qf4 53. Qd3 Qe5 54. Qd8 Qc3 55. Qf8+ Kg6 56. Qe8+ Kh6 57. Qh8+ Kg6 58. Qg8+ Kh6 59. Qh8+ Kg6 60. Qg8+ Kh6 1/2-1/2

[Event "NOR-chT 1112"]
[Site "Norway"]
[Date "2012.01.14"]
[Round "5"]
[White "Miezis, Normunds"]
[Black "Tisdall, Jonathan D"]
[Result "0-1"]
[WhiteElo "2547"]
[BlackElo "2418"]
[PlyCount "154"]
[EventDate "2011.11.04"]
[EventType "team-tourn"]
[EventRounds "9"]
[EventCountry "NOR"]
[SourceTitle "EXT 2013"]
[Source "ChessBase"]
[SourceDate "2012.11.22"]
[SourceVersion "1"]
[SourceVersionDate "2012.11.22"]
[SourceQuality "1"]
[WhiteTeam "Moss"]
[BlackTeam "Asker"]
[WhiteTeamCountry "NOR"]
[BlackTeamCountry "NOR"]

1. c4 b6 2. Nc3 Bb7 3. e4 e6 4. g3 g6 5. Bg2 Bg7 6. Nge2 Ne7 7. d4 0-0 8. h4 c5 9. dxc5 bxc5 10. Bf4 Nbc6 11. Bd6 Ne5 12. Bxc5 Nxc4 13. Qb3 Ba6 14. Rd1 Rc8 15. Qb4 Nxb2 16. Bxe7 Nxd1 17. Nxd1 Rc2 18. Bf3 Qc7 19. Qa4 Bd3 20. Bxf8 Bxf8 21. Qb3 Qa5+ 22. Ndc3 Bb4 23. 0-0 Bxc3 24. Rd1 Qb5 25. Qxb5 Bxb5 26. Nxc3 Rxc3 27. Kg2 Ra3 28. Rd2 Bc6 29. g4 f5 30. gxf5 gxf5 31. Rd4 Kf8 32. Rb4 Ke7 33. h5 a5 34. Rc4 a4 35. h6 Kf7 36. Rb4 fxe4 37. Bxe4 Bxe4+ 38. Rxe4 Kg6 39. Rd4 d5 40. Rd2 Rc3 41. Re2 Rc6 42. Kg3 Kxh6 43. Kf4 Kg6 44. Ke5 Kf7 45. Rb2 Ra6 46. f4 h5 47. a3 Rc6 48. Rb7+ Kg6 49. Rb4 Rc3 50. Kxe6 Re3+ 51. Kxd5 Rxa3 52. Ke4 h4 53. Rb6+ Kf7 54. Rb7+ Kf6 55. Rb6+ Ke7 56. Rb7+ Kd6 57. Rb6+ Kc7 58. Rh6 h3 59. f5 Rb3 60. Kd5 a3 61. Rh7+ Kd8 62. f6 Rf3 63. Ke4 a2 64. Kxf3 a1Q 65. Rxh3 Qxf6+ 66. Kg3 Ke7 67. Rh4 Ke6 68. Rf4 Qg6+ 69. Rg4 Qd3+ 70. Kg2 Kf5 71. Rg3 Qe2+ 72. Kh1 Kf4 73. Rg2 Qe1+ 74. Kh2 Kf3 75. Rc2 Qe5+ 76. Kg1 Qg7+ 77. Kh1 Qh7+ 0-1